LEADER 01213nam a2200265 u 4500 001 000000026040 003 CaOOAMICUS 005 20070226111531.0 008 950813s1898 it a u000 u ita u 035 $a10670378 040 $aPUL(R)$bita 100 1 $aVerworn, Max,$d1863-1921.$0(OLS)http://pul/name/21535 245 10$aFisiologia generale :$bsaggio sulla teoria della vita : prima versione italiana con aggiunte originali dell'autore /$cMax Verworn. 260 $aTorino :$bFratelli Bocca,$c1898. 300 $axiv, 588 p. :$bill. ;$c24 cm 490 1 $aBiblioteca di scienze moderne ;$v4 504 $aBibliografia in nota. 650 4$aFisiologia.$0(OLS)http://pul/subject/15273 830 0$aBiblioteca di scienze moderne ;$v4.$0(OLS)http://pul/title/412 850 $aPUL 852 $aPUL$W1$xDP1 Antico 800$y27$m921 C 4$j36418$nBK-PRI$b $qStampati Antico$B36418$CPULBib$Z2$F36418 $H $81 941 1 $a15 961 $aINV: 14739 996 $6245$aFisiologia generale :$bsaggio sulla teoria della vita : prima versione italiana con aggiunte originali dell'autore$9(OLS)http://pul/title/35815 996 $6260$aTorino :$bFratelli Bocca$9(OLS)http://pul/publisher/47945 LEADER 02028nam a2200385 u 4500 001 000000023045 003 CaOOAMICUS 005 20070226111208.0 008 941213s1966 fr u000 u fre u 035 $a10578607 040 $aDLC$bita$cMCW$dNhD$dCStRLIN$dCU-A$dPUL(R) 041 1 $afre$agrc$alat 082 $a248.8/942 100 0 $aIohannes Chrysostomus,$cs., patriarca di Costantinopoli,$d347-407.$0(OLS)http://pul/name/2351 240 10$aAd Theodorum lapsum$9(Iohannes Chrysostomus, s., patriarca di Costantinopoli, 347-407).$lFrancese e greco.$0(OLS)http://pul/title/32106 245 10$aA Théodore /$cJean Chrysostome ; introduction, texte critique, traduction et notes par Jean Dumortier. 260 $aParis :$bLes Éditions du Cerf,$c1966. 300 $a332 p. ;$c21 cm 490 1 $aSources chrétiennes ;$v117 500 $aFrench, Greek and Latin. 500 $aLatin text: p. [241]-322. 504 $aBibliography: p. [43] 650 0$aMonastic and religious life$xHistory$yEarly church, ca. 30-600.$2//eng$0(OLS)http://pul/subject/14332 700 1 $aDumortier, Jean,$d1903-$0(OLS)http://pul/name/11461 700 02$aTheodorus Mopsuestenus,$dm. 428.$kOpere spurie e dubbie.$tTheodori lapsi responsio Latino e greco$9(Theodorus Mopsuestenus, m. 428. Opere spurie e dubbie)$lLatino e greco.$0(OLS)http://pul/name/19502 830 0$aSources chrétiennes ;$v117.$0(OLS)http://pul/title/45 850 $aPUL 852 $aPUL$W1$xSL Religione 2$y84$mTheol E3 117$j32283$nBK-PRI$b $qStampati altre collocazioni$B32283$CPULBib$Z2$F32283 $H $81 900 $aGiovanni Crisostomo,$cs., patriarca di Costantinopoli,$d347-407$92351 900 $aCrisostomo, Giovanni,$cs., patriarca di Costantinopoli,$d347-407$92351 941 1 $a10 961 $aINV: 26556 996 $6082$a248.8/942$9(OLS)http://pul/classification/298 996 $6245$aA Théodore$9(OLS)http://pul/title/32107 996 $6260$aParis :$bLes Éditions du Cerf$9(OLS)http://pul/publisher/47861